| 000 | 00323nam a22001337a 4500 | ||
|---|---|---|---|
| 003 | SGT | ||
| 082 |
_a617.522 _bI25S |
||
| 100 | _aSangma, Alaida | ||
| 245 | _aImmunosuppression and its impact on Oral Health | ||
| 260 |
_bSGT University _c2025 |
||
| 300 | _a160 | ||
| 650 | _aOral & Maxillofacial Surgery | ||
| 942 |
_2ddc _cTH |
||
| 999 |
_c31367 _d31367 |
||